| 000 | 01164nam a2200253 a 4500 | ||
|---|---|---|---|
| 001 | 000014165 | ||
| 005 | 20200929163512.0 | ||
| 008 | 091207s1991 dr b 000 0 spa d | ||
| 040 |
_aDO-SdBNP _bspa _cBNPHU |
||
| 082 |
_a333.7 _bU58i |
||
| 111 | 2 |
_aUnited Nations Conference on Environment and Development _d(1992 : _cRio de Janeiro, Brazil) _932009 |
|
| 245 | 1 | 0 |
_aInforme nacional : _bConferencia mundial de las Naciones Unidas sobre medio ambiente y desarrollo Brasil´92 / _cRepública Dominicana. |
| 260 |
_aSanto Domingo : _bFUNDAPEC , _c1991. |
||
| 300 |
_a185 p. : _bmap. ; _c29 cm. |
||
| 500 | _aIncluye notas al pie de las páginas | ||
| 504 | _aBibliografía: p. 167-177 | ||
| 590 | _aInventariado, 2018/MFF | ||
| 650 | 4 |
_aDesarrollo sostenible _zRepública Dominicana _vCONGRESOS, CONFERENCIAS, ETC. _932010 |
|
| 650 | 4 |
_aProtección del medio ambiente _vCONGRESOS, CONFERENCIAS, ETC. _932011 |
|
| 650 | 4 |
_aPolítica ambiental _vCONGRESOS, CONFERENCIAS, ETC. _932012 |
|
| 710 | 2 |
_aNaciones Unidas. _bAsamblea General _932013 |
|
| 710 | 2 |
_aFundación Apec de Crédito Educativo (República Dominicana) _932014 |
|
| 910 | _aValidado. Control de calidad MFF | ||
| 999 |
_c13766 _d13766 |
||